| 000 | 00751nam a2200181 i 4500 | ||
|---|---|---|---|
| 001 | 79577 | ||
| 003 | ES-MaACL | ||
| 007 | t| | ||
| 008 | 041022s1983 sp ||||1| spa d | ||
| 100 | 1 |
_aHerrejón Nicolás, Manuela. _963177 |
|
| 245 | 1 | 3 |
_aEl maestro Emilio Cebrián / _cManuela Herrejón Nicolás. |
| 260 |
_aToledo : _bInstituto Provincial de Investigaciones y Estudios Toledanos, _c1983. |
||
| 300 |
_a53 p. : _bil. ; _c21 cm. |
||
| 490 | 1 |
_aPublicaciones del Instituto Provincial de Investigaciones y Estudios Toledanos. Serie VII. Temas toledanos ; _v32 |
|
| 830 | 0 | 0 |
_aPublicaciones del Instituto Provincial de Investigaciones y Estudios Toledanos _v32 _9242140 |
| 852 |
_aES-MaACL _jL-6319 _bR.106683 |
||
| 999 |
_c79577 _d79577 |
||